000 00718nam a22002177a 4500
999 _c11865
_d11865
003 AR-CdUCM
008 190405b ||||| |||| 00| 0 spa d
040 _aMUNICIPALIDAD PROVINCIAL DEL CUSCO
_cBIBLIOTECA MUNICIPAL DEL CUSCO
082 _aES / 373 /
_bAN61
100 _aAngiada, Lola
_929442
245 _aMartin y Diana en el bosque /
260 _aBarcelona :
_bJuventud,
_c1963.
300 _a157 paginas ;
_bIlustraciones, graficos, dibujos,
_c25 cm.
505 _aContenido: Primavera -- verano -- otoƱo -- invierno
650 _aCuento
_94671
650 _aTexto educativo
_925832
650 _aLiteratura
_983
700 _aDiaz Plaja, Aurora
_929443
942 _2ddc
_cLIBROS
945 _apjha
_d2019-04-05